000 01171nam0a22003131 4500
001 RU\NLR\INFOCOMM_161\5000074420
005 20250613094146.0
035 _a(NLR Aleph) 009243536
090 _a8940392
_c8940392
100 _a20100726d1967 |||y0rusy50 ca
101 0 _aeng
102 _aRU
105 _ay ||||000|y
200 1 _aTwo South Africas: social-political and cultural role of the Republic of South Africa in the African continent
_fA. B. Davidson
210 _aΜ.
_d1967
215 _a15 с.
_d21 см
225 1 _aPapers presented by the USSR delegation
_fII International congress of africanists
309 _aОтпеч. множит. аппаратом
320 _aБиблиогр. в примеч.: с. 14
607 _aЮжно-Африканская Республика
_xИстория
_z20 в.
_2nlr_sh1
686 _aИ7-592
_2rubbk
686 _aИ7-610
_2rubbk
700 1 _aDavidson
_bA. B.
_f1929-
_gApollon Borisovič
_4070
712 1 2 _aInternational congress of africanists
_bUSSR delegation
_d2
_eDakar
_f1967
_4570
801 1 _aRU
_bNLR
_c20100726
801 0 _aRU
_bNLR
_gPSBO
852 _aNLR
_jИ87 Д-4/32
942 _cBOOK
980 _aNB